Web Data Mining (Record no. 335663)

MARC details
000 -LEADER
fixed length control field 00472nam a2200169Ia 4500
008 - FIXED-LENGTH DATA ELEMENTS--GENERAL INFORMATION
fixed length control field 230718s9999 xx 000 0 und d
020 ## - INTERNATIONAL STANDARD BOOK NUMBER
International Standard Book Number 9788184896176
041 ## - LANGUAGE CODE
Language code of text/sound track or separate title eng
082 ## - DEWEY DECIMAL CLASSIFICATION NUMBER
Classification number 006.3
Item number LIU
100 ## - MAIN ENTRY--PERSONAL NAME
Personal name Liu B.
9 (RLIN) 195924
245 ## - TITLE STATEMENT
Title Web Data Mining
Remainder of title Exploring Hyperlinks, Contents, And Usage Data
260 ## - PUBLICATION, DISTRIBUTION, ETC. (IMPRINT)
Date of publication, distribution, etc. 2010
Name of publisher, distributor, etc. Springer
300 ## - PHYSICAL DESCRIPTION
Extent 532
365 ## - TRADE PRICE
Currency code Rs.
Price amount 950.00
700 ## - ADDED ENTRY--PERSONAL NAME
Personal name Liu B.
9 (RLIN) 195924
906 ## - LOCAL DATA ELEMENT F, LDF (RLIN)
d O:0381504-Mar-2014B:41708-Jan-2014
c COMP
b 237.5
Holdings
Withdrawn status Lost status Damaged status Not for loan Home library Current library Date acquired Vendor Budget Code Cost, normal purchase price Bill number Total Checkouts Full call number Barcode Date last seen Discount Cost, replacement price Bill Date Koha item type Original Barcode
        Cummins College of Engineering for Women Pune Cummins College of Engineering for Women Pune 04/03/2014 Vaibhav Book House COMP 712.50 417   006.3 CCEP-BK-46870 06/06/2024 237.5 950.00 08/01/2014 Books 046870